Find That Movie! VI Quiz Stats

 Plays Quiz Updated May 1, 2018

Also try: Find That Movie! V
Challenge
Share
Tweet
Score 0/20 Timer 08:00
3 Plays Today
% Correct
Correct! A is Moana
94.3%
Correct! D is Carrie
84.6%
Correct! D is The Shape of Water
82.9%
Correct! Easy A is C
82.2%
Correct! B is Cinderella
81.7%
Correct! A is Romeo + Juliet
81.7%
Correct! A is 12 Years a Slave
79.2%
Correct! C is Harry Potter and the Deathly Hallows: Part 2
77.9%
Correct! D is Frida
76.5%
Correct! C is Midnight in Paris
67.9%
% Correct
Correct! D is Lion
66.5%
Correct! A is Dial M for Murder
66.1%
Correct! D is Scream
65.6%
Correct! D is Bridget Jones's Baby
64.2%
Correct! C is 10 Cloverfield Lane
63.5%
Correct! B is Logan
57.4%
Correct! C is Straight Outta Compton
53.8%
Correct! B is Doctor Strange
53.1%
Correct! B is Street Fighter
37%
Correct! C is Mission to Mars
35%

You're not logged in!

Compare scores with friends on all Sporcle quizzes.
Join for Free
OR
Log In

You Might Also Like...

Show Comments

Extras

Top Quizzes Today


Score Distribution

Your Account Isn't Verified!

In order to create a playlist on Sporcle, you need to verify the email address you used during registration. Go to your Sporcle Settings to finish the process.

Report this User

Report this user for behavior that violates our Community Guidelines.

Details: